| 000 | 00654nam a22001937a 4500 | ||
|---|---|---|---|
| 005 | 20141008111539.0 | ||
| 008 | 141008b xxu||||| |||| 00| 0 eng d | ||
| 020 | _a9781455775651 | ||
| 050 |
_aRT 41 _b.M468p 2013 |
||
| 245 |
_aMedical-surgical nursing : _bpatient-centered collaborative care / _cedited by Donna D. Ignatavicius and Linda Workman. |
||
| 250 | _a7th ed. | ||
| 260 |
_aSt. Louis : _bElsevier Saunders, _cc2013. |
||
| 300 |
_a2 v. (xxxii, 1772, [98] pages ) : _bcolored illustrations ; _c29 cm. |
||
| 521 | _aNursing | ||
| 650 | _aPerioperative Nursing. | ||
| 650 | _aNursing. | ||
| 650 | _aSurgical nursing. | ||
| 942 |
_2lcc _cBK _kFOR |
||
| 999 |
_c276036 _d276036 |
||